[Event "North Bay int."]
[Site "North Bay CAN"]
[Date "1999.08.08"]
[Round "9"]
[White "Peredun, Andrew"]
[Black "Del Pilar, Reynaldo"]
[Result "1-0"]
[WhiteElo "2222"]
[BlackElo "2270"]
[PlyCount "87"]
[GameId "2160767911742749"]
[EventDate "1999.08.04"]
[EventType "swiss"]
[EventRounds "9"]
[EventCountry "CAN"]

1. e4 c5 2. Nc3 a6 3. Nf3 e6 4. d4 cxd4 5. Nxd4 b5 6. g3 Bb7 7. Bg2 d6 8. O-O Nd7 9. f4 Ngf6 10. f5 e5 11. Nb3 h6 12. Be3 Rc8 13. Qd3 Qc7 14. a3 Be7 15. h3 O-O 16. Rf2 Rfe8 17. Rd1 Bf8 18. g4 Nc5 19. Nxc5 dxc5 20. Rfd2 b4 21. axb4 cxb4 22. Nd5 Nxd5 23. exd5 e4 24. Qf1 Bc5 25. Qf2 Qd6 26. Bf1 Re7 27. c4 bxc3 28. bxc3 Rec7 29. c4 a5 30. Bxc5 Rxc5 31. Rd4 Ba6 32. Rc1 a4 33. Qe3 Bb5 34. Kg2 Bd7 35. Rxe4 Qa6 36. Ra1 Qd6 37. Qg3 Qa6 38. Be2 Qb6 39. Rf1 Qb2 40. Rf2 a3 41. Bd3 Qc1 42. f6 Ra5 43. Qd6 Be8 44. fxg7 1-0

[Event "North Bay int."]
[Site "North Bay CAN"]
[Date "1999.08.08"]
[Round "9"]
[White "Rajlich, Vasik"]
[Black "Safranska, Anda"]
[Result "1-0"]
[WhiteElo "2297"]
[BlackElo "2267"]
[PlyCount "113"]
[GameId "2160767911742750"]
[EventDate "1999.08.04"]
[EventType "swiss"]
[EventRounds "9"]
[EventCountry "CAN"]
[SourceTitle "EXT 2000"]
[Source "ChessBase"]
[SourceDate "1999.11.18"]
[SourceVersion "1"]
[SourceVersionDate "1999.11.18"]
[SourceQuality "1"]

1. e4 g6 2. d4 Bg7 3. Nf3 d6 4. Nc3 Nf6 5. Be3 O-O 6. Qd2 c6 7. O-O-O b5 8. Bd3 b4 9. Ne2 a5 10. Bh6 Nbd7 11. Ng3 Re8 12. Bxg7 Kxg7 13. h4 e5 14. h5 Nf8 15. hxg6 fxg6 16. dxe5 dxe5 17. Qh6+ Kh8 18. Bc4 Qe7 19. Ng5 Ne6 20. Nxe6 Bxe6 21. Bxe6 Qxe6 22. Qxg6 Ra7 23. Rh6 Rf8 24. Nh5 Raf7 25. Rd8 Rxd8 26. Nxf6 Qe7 27. Nxh7 Rxh7 28. Rxh7+ Qxh7 29. Qf6+ Qg7 30. Qh4+ Kg8 31. Qxd8+ Kh7 32. Qh4+ Kg8 33. Qg3 Qxg3 34. fxg3 Kg7 35. Kd2 Kg6 36. Ke3 Kg5 37. Kf3 a4 38. b3 a3 39. g4 Kh4 40. g5 Kxg5 41. g3 Kh5 42. Kf2 Kg5 43. Kg1 Kh5 44. Kh2 Kg4 45. Kg2 Kh5 46. Kh3 Kg5 47. g4 Kf4 48. Kh4 Kxe4 49. g5 Kd4 50. g6 Kc3 51. g7 Kb2 52. g8=Q Kxa2 53. Qg3 e4 54. Qe1 Kb2 55. Qxb4 a2 56. Qd4+ Kb1 57. Qxe4 1-0

[Event "North Bay int."]
[Site "North Bay CAN"]
[Date "1999.08.08"]
[Round "9"]
[White "St Amand, Paul Jr"]
[Black "Ademi, Sami"]
[Result "1/2-1/2"]
[WhiteElo "2160"]
[BlackElo "2250"]
[PlyCount "27"]
[GameId "2160767911742752"]
[EventDate "1999.08.04"]
[EventType "swiss"]
[EventRounds "9"]
[EventCountry "CAN"]
[SourceTitle "EXT 2000"]
[Source "ChessBase"]
[SourceDate "1999.11.18"]
[SourceVersion "1"]
[SourceVersionDate "1999.11.18"]
[SourceQuality "1"]

1. e4 c5 2. c3 g6 3. d4 cxd4 4. cxd4 Bg7 5. Nf3 d6 6. h3 Nf6 7. Nc3 O-O 8. Bd3 a6 9. Be3 b5 10. a3 Bb7 11. O-O Nbd7 12. Rc1 Rc8 13. Qe2 Nb6 14. Nd2 1/2-1/2

[Event "North Bay int."]
[Site "North Bay CAN"]
[Date "1999.08.08"]
[Round "9"]
[White "Stroud, Mike"]
[Black "Steigman, AJ."]
[Result "0-1"]
[WhiteElo "2215"]
[BlackElo "2226"]
[PlyCount "84"]
[GameId "2160767911742753"]
[EventDate "1999.08.04"]
[EventType "swiss"]
[EventRounds "9"]
[EventCountry "CAN"]

1. d4 Nf6 2. c4 e6 3. Nc3 Bb4 4. e3 b6 5. Bd3 Bb7 6. Nge2 Bxg2 7. Rg1 Bf3 8. Rg3 Bxc3+ 9. bxc3 Bh5 10. Qc2 Bg6 11. e4 Nc6 12. Be3 e5 13. d5 Na5 14. c5 Nb7 15. c6 dxc6 16. dxc6 Nd6 17. f3 O-O 18. c4 Nh5 19. Rh3 f5 20. O-O-O f4 21. Bf2 Qe8 22. Qa4 a6 23. c5 b5 24. Qc2 Nf7 25. Rg1 Qxc6 26. Nc3 Qe6 27. Bf1 c6 28. Rh4 a5 29. Bh3 Qe7 30. Qb3 Rad8 31. Nb1 Rd4 32. Rhg4 Rc4+ 33. Kd1 Nf6 34. R4g2 Rb4 35. Qc2 Nxe4 36. fxe4 Bxe4 37. Rxg7+ Kh8 38. Bf5 Bxf5 39. Qxf5 Ng5 40. R7xg5 Qd8+ 41. Kc1 Rxf5 42. Rxf5 Rxb1+ 0-1

[Event "North Bay int."]
[Site "North Bay CAN"]
[Date "1999.08.08"]
[Round "9"]
[White "Taylor, Gordon"]
[Black "Wenaas, Eric"]
[Result "1-0"]
[WhiteElo "2301"]
[BlackElo "2156"]
[PlyCount "81"]
[GameId "2160767911742754"]
[EventDate "1999.08.04"]
[EventType "swiss"]
[EventRounds "9"]
[EventCountry "CAN"]
[SourceTitle "EXT 2000"]
[Source "ChessBase"]
[SourceDate "1999.11.18"]
[SourceVersion "1"]
[SourceVersionDate "1999.11.18"]
[SourceQuality "1"]

1. d4 d5 2. c4 e6 3. Nc3 Nf6 4. Bg5 Nbd7 5. e3 c6 6. Nf3 Qa5 7. Nd2 Bb4 8. Qc2 O-O 9. Be2 e5 10. dxe5 Ne4 11. Ndxe4 dxe4 12. O-O Bxc3 13. bxc3 Qxe5 14. Bf4 Qe6 15. Rad1 Nf6 16. c5 Nd5 17. Bd6 Re8 18. Qb3 Qg6 19. Kh1 a6 20. c4 Nf6 21. f3 exf3 22. gxf3 Qh5 23. Rd2 Qg5 24. Rd3 Bf5 25. e4 Nxe4 26. fxe4 Bxe4+ 27. Bf3 Bxd3 28. Qxd3 Re3 29. Qd4 Re6 30. Rg1 Qf6 31. Qxf6 Rxf6 32. Bg4 Re8 33. Bd7 Re2 34. Bc8 Rc2 35. Bxb7 Rxc4 36. Bxa6 Ra4 37. Bb7 Rxa2 38. Bxc6 Ra6 39. Rb1 h6 40. Rb8+ Kh7 41. Be4+ 1-0

[Event "North Bay int."]
[Site "North Bay CAN"]
[Date "1999.08.08"]
[Round "9"]
[White "Tyomkin, Dimitri"]
[Black "Mulyar, Michael"]
[Result "0-1"]
[WhiteElo "2495"]
[BlackElo "2410"]
[PlyCount "96"]
[GameId "2160767911742755"]
[EventDate "1999.08.04"]
[EventType "swiss"]
[EventRounds "9"]
[EventCountry "CAN"]
[SourceTitle "CBM 072"]
[Source "ChessBase"]
[SourceDate "1999.10.01"]
[SourceVersion "1"]
[SourceVersionDate "1999.10.01"]
[SourceQuality "1"]

1. d4 d6 2. c4 g6 3. Nc3 Bg7 4. e4 Nc6 5. Be3 e5 6. d5 Nce7 7. c5 a6 8. cxd6 cxd6 9. Qa4+ Kf8 10. f3 Bh6 11. Bf2 f5 12. Bd3 Nf6 13. h3 b5 14. Qc2 b4 15. Na4 Rb8 16. b3 Bd7 17. Nb2 Rc8 18. Nc4 Bb5 19. Ne2 Kg7 20. g4 fxe4 21. fxe4 Rf8 22. Rg1 g5 23. Qd2 Bxc4 24. bxc4 Nd7 25. Ng3 Rf4 26. Qxb4 Nc5 27. Nh5+ Kg8 28. Nxf4 exf4 29. Bxc5 Rxc5 30. e5 Bg7 31. Rb1 Bxe5 32. Kd1 Qf8 33. Re1 Qf6 34. Qb7 f3 35. Qd7 f2 36. Rb8+ Kg7 37. Rf1 Qf3+ 38. Be2 Rxd5+ 39. cxd5 Qxd5+ 40. Kc1 Bf4+ 41. Kc2 Qd2+ 42. Kb3 Qxe2 43. Rxf2 Qe3+ 44. Ka4 Qd4+ 45. Rb4 Qd1+ 46. Ka5 Qd5+ 47. Kb6 Be3+ 48. Kc7 Qa5+ 0-1

[Event "North Bay int."]
[Site "North Bay CAN"]
[Date "1999.08.08"]
[Round "9"]
[White "Weeramantry, Sunil"]
[Black "Olson, David L"]
[Result "1-0"]
[WhiteElo "2252"]
[BlackElo "2127"]
[PlyCount "51"]
[GameId "2160767911742756"]
[EventDate "1999.08.04"]
[EventType "swiss"]
[EventRounds "9"]
[EventCountry "CAN"]
[SourceTitle "EXT 2000"]
[Source "ChessBase"]
[SourceDate "1999.11.18"]
[SourceVersion "1"]
[SourceVersionDate "1999.11.18"]
[SourceQuality "1"]

1. e4 e5 2. Nf3 Nc6 3. d4 exd4 4. Bc4 Nf6 5. e5 d5 6. Bb5 Ne4 7. Nxd4 Bd7 8. Bxc6 bxc6 9. O-O Bc5 10. f3 Ng5 11. f4 Ne4 12. Be3 Rb8 13. Nd2 Nxd2 14. Qxd2 Qe7 15. Nb3 Bb6 16. Qc3 f6 17. Rae1 O-O 18. e6 Be8 19. f5 g6 20. g4 gxf5 21. gxf5 Kh8 22. Nc5 Rg8+ 23. Kh1 Bh5 24. Nd7 Rbf8 25. Bh6 d4 26. Bxf8 1-0

[Event "North Bay int."]
[Site "North Bay CAN"]
[Date "1999.08.08"]
[Round "9"]
[White "Yee, Lorne"]
[Black "Filipovich, David"]
[Result "1/2-1/2"]
[WhiteElo "2084"]
[BlackElo "2236"]
[PlyCount "97"]
[GameId "2160767911742757"]
[EventDate "1999.08.04"]
[EventType "swiss"]
[EventRounds "9"]
[EventCountry "CAN"]
[SourceTitle "EXT 2000"]
[Source "ChessBase"]
[SourceDate "1999.11.18"]
[SourceVersion "1"]
[SourceVersionDate "1999.11.18"]
[SourceQuality "1"]

1. c4 Nf6 2. Nc3 c5 3. e4 Nc6 4. Nge2 g6 5. g3 Bg7 6. Bg2 d6 7. d3 O-O 8. O-O Ne8 9. Be3 Nc7 10. Qd2 Rb8 11. Rac1 a6 12. Nd5 Ne6 13. f4 Ned4 14. h3 b5 15. b3 bxc4 16. dxc4 Bd7 17. Bf2 Nxe2+ 18. Qxe2 Nd4 19. Qd3 a5 20. Rb1 e6 21. Nc3 Bc6 22. Ne2 e5 23. Nxd4 exd4 24. Rfe1 Qc7 25. a3 Ra8 26. b4 axb4 27. axb4 Ra2 28. b5 Bb7 29. Ra1 Rfa8 30. Rxa2 Rxa2 31. Re2 Qa5 32. Rxa2 Qxa2 33. Bf3 Bc8 34. Bg2 Qa1+ 35. Kh2 Qb2 36. Kg1 Be6 37. Bf1 Qc1 38. Kg2 Qb2 39. Qe2 Qa1 40. Qe1 Qa8 41. Kh2 Bf6 42. Qb1 Bd8 43. g4 Bc8 44. Bd3 Qa3 45. Bg3 Qa5 46. Qb2 Qb6 47. Qa2 Bb7 48. Be1 Qc7 49. Bg3 1/2-1/2

[Event "North Bay int."]
[Site "North Bay CAN"]
[Date "1999.08.08"]
[Round "9"]
[White "Zugic, Igor"]
[Black "Duong, Thanh Nha"]
[Result "1-0"]
[WhiteElo "2406"]
[BlackElo "2332"]
[PlyCount "97"]
[GameId "2160767911742758"]
[EventDate "1999.08.04"]
[EventType "swiss"]
[EventRounds "9"]
[EventCountry "CAN"]
[SourceTitle "EXT 2000"]
[Source "ChessBase"]
[SourceDate "1999.11.18"]
[SourceVersion "1"]
[SourceVersionDate "1999.11.18"]
[SourceQuality "1"]

1. d4 d5 2. c4 e6 3. Nc3 Nf6 4. cxd5 exd5 5. Bg5 Be7 6. e3 O-O 7. Bd3 h6 8. Bh4 b6 9. Nge2 Nbd7 10. Rc1 Bb7 11. f3 Re8 12. Bf2 c5 13. g4 Nf8 14. h4 Ne6 15. Kf1 Bd6 16. Bc2 Rc8 17. Qd3 cxd4 18. exd4 Nf4 19. Nxf4 Bxf4 20. Re1 Rxe1+ 21. Bxe1 Qc7 22. Qf5 Re8 23. g5 Bc8 24. Qd3 hxg5 25. hxg5 Bxg5 26. Nxd5 Rxe1+ 27. Kxe1 Bh4+ 28. Kd1 Nxd5 29. Qh7+ Kf8 30. Qh8+ Ke7 31. Qxh4+ Kf8 32. Qe4 Be6 33. Qe5 Qd7 34. Bb3 f6 35. Qe4 a5 36. Re1 Kf7 37. f4 f5 38. Qf3 a4 39. Bxd5 Bxd5 40. Qd3 Bxa2 41. Re5 Bb3+ 42. Ke2 g6 43. d5 Qd6 44. Qd4 a3 45. bxa3 Qxa3 46. d6 Qa2+ 47. Ke3 Be6 48. d7 Qa3+ 49. Kf2 1-0

[Event "Northern Alberta op"]
[Site "Edmonton CAN"]
[Date "1999.02.20"]
[Round "1"]
[White "Milne, Arthur"]
[Black "Kazakevich, Anastasia"]
[Result "1-0"]
[WhiteElo "1884"]
[BlackElo "1526"]
[PlyCount "67"]
[GameId "2160767911741969"]
[EventDate "1999.10.20"]
[EventType "swiss"]
[EventRounds "5"]
[EventCountry "CAN"]
[SourceTitle "Albertabase"]
[SourceDate "2003.08.17"]
[SourceVersion "1"]
[SourceVersionDate "2003.08.17"]
[SourceQuality "1"]

1. c4 Nf6 2. g3 g6 3. Bg2 Bg7 4. Nc3 c5 5. e4 e5 6. Nge2 Nc6 7. d3 d6 8. O-O O-O 9. Nd5 Nxd5 10. cxd5 Nd4 11. Nc3 b6 12. f4 Qe7 13. Be3 f5 14. Qd2 Bd7 15. Rae1 Rae8 16. fxe5 dxe5 17. Bh6 Bxh6 18. Qxh6 Qg7 19. Qd2 a6 20. Rb1 Qe7 21. Ne2 Rc8 22. Rbc1 Bb5 23. Nxd4 exd4 24. exf5 gxf5 25. Rce1 Qg7 26. Re6 Rf6 27. Rfe1 Rxe6 28. dxe6 Re8 29. Bd5 Qe7 30. Re5 Kh8 31. Rxf5 Qd6 32. Qg5 Bxd3 33. Qf6+ Kg8 34. e7+ 1-0

[Event "Northern Alberta op"]
[Site "Edmonton CAN"]
[Date "1999.02.20"]
[Round "1"]
[White "Ottosen, David"]
[Black "Anderson, Ashton"]
[Result "1-0"]
[WhiteElo "2035"]
[BlackElo "1605"]
[PlyCount "47"]
[GameId "2160767911741970"]
[EventDate "1999.10.20"]
[EventType "swiss"]
[EventRounds "5"]
[EventCountry "CAN"]

1. e4 Nf6 2. e5 Nd5 3. Nc3 e6 4. Nxd5 exd5 5. f4 d6 6. Nf3 dxe5 7. fxe5 d4 8. Bc4 Bg4 9. O-O Be6 10. Bxe6 fxe6 11. Qe2 c5 12. d3 h6 13. Qe4 Nc6 14. Qg6+ Kd7 15. c3 Qe8 16. Qe4 Rd8 17. cxd4 cxd4 18. Nxd4 Bc5 19. Be3 Kc7 20. Nb5+ Kb6 21. Bxc5+ Kxc5 22. Qc4+ Kb6 23. Nd6 Qd7 24. Qb5+ 1-0

[Event "Northern Alberta op"]
[Site "Edmonton CAN"]
[Date "1999.02.20"]
[Round "2"]
[White "Walker, Warrick"]
[Black "Ottosen, David"]
[Result "1-0"]
[WhiteElo "2215"]
[BlackElo "2035"]
[PlyCount "67"]
[GameId "2160767911741971"]
[EventDate "1999.10.20"]
[EventType "swiss"]
[EventRounds "5"]
[EventCountry "CAN"]

1. e4 c5 2. d4 cxd4 3. c3 Nf6 4. e5 Nd5 5. Nf3 Nc6 6. Bc4 Nb6 7. Bb3 d5 8. exd6 Qxd6 9. Na3 dxc3 10. Nb5 Qxd1+ 11. Kxd1 Kd8 12. Ng5 Ne5 13. bxc3 Bg4+ 14. f3 Bh5 15. Bf4 Nbc4 16. Ke2 a6 17. Rhd1+ Kc8 18. Nc7 Ra7 19. Nce6 fxe6 20. Nxe6 b5 21. Rd8+ Kb7 22. Bxc4 Nxc4 23. Nxf8 e5 24. Be3 Ra8 25. Rxa8 Kxa8 26. Ne6 e4 27. Nxg7 exf3+ 28. gxf3 Bg6 29. Rd1 Kb7 30. Bd4 Rg8 31. Kf2 Rf8 32. Re1 Rf7 33. Ne6 Nd2 34. Nd8+ 1-0

[Event "Northern Alberta op"]
[Site "Edmonton CAN"]
[Date "1999.02.20"]
[Round "3"]
[White "Kazakevich, Anastasia"]
[Black "Titley, Brian"]
[Result "1/2-1/2"]
[WhiteElo "1526"]
[BlackElo "1534"]
[PlyCount "76"]
[GameId "2160767911741972"]
[EventDate "1999.10.20"]
[EventType "swiss"]
[EventRounds "5"]
[EventCountry "CAN"]
[SourceTitle "Albertabase"]
[SourceDate "2003.08.17"]
[SourceVersion "1"]
[SourceVersionDate "2003.08.17"]
[SourceQuality "1"]

1. d4 Nf6 2. c4 g6 3. Nc3 d5 4. Nf3 Bg7 5. e3 O-O 6. cxd5 Nxd5 7. Bc4 Nxc3 8. bxc3 c5 9. O-O cxd4 10. cxd4 Nc6 11. Ba3 Bg4 12. h3 Bf5 13. Rc1 Rc8 14. Qd2 Re8 15. Rfe1 Be4 16. Bxf7+ Kxf7 17. Ng5+ Kg8 18. Nxe4 e6 19. Nd6 Qg5 20. Red1 Rcd8 21. Nxe8 Rxe8 22. Bb2 Rd8 23. f4 Qf5 24. Qd3 Qf6 25. Rd2 g5 26. fxg5 Qxg5 27. Rcd1 Ne5 28. Qe2 Ng6 29. Kh1 Rd7 30. Qg4 Qe7 31. e4 Kh8 32. Bc1 Qf7 33. Qf3 Qe8 34. d5 e5 35. d6 Nf4 36. Ba3 a5 37. Rc2 Ne6 38. Qd3 b5 1/2-1/2

[Event "Northern Alberta op"]
[Site "Edmonton CAN"]
[Date "1999.02.20"]
[Round "3"]
[White "Ottosen, David"]
[Black "Haynes, Nicolas"]
[Result "1-0"]
[WhiteElo "2035"]
[BlackElo "1720"]
[PlyCount "49"]
[GameId "2160767911741973"]
[EventDate "1999.10.20"]
[EventType "swiss"]
[EventRounds "5"]
[EventCountry "CAN"]

1. e4 e6 2. d4 d5 3. Nc3 Nf6 4. e5 Nfd7 5. f4 c5 6. Nf3 Nc6 7. Be3 Qb6 8. Qd2 Qa5 9. O-O-O cxd4 10. Nxd4 Bb4 11. Ndb5 O-O 12. a3 Be7 13. Kb1 a6 14. Nd4 Nxd4 15. Bxd4 b5 16. Nxd5 Qd8 17. Nxe7+ Qxe7 18. Bd3 Nc5 19. Qb4 Qb7 20. Bxc5 Re8 21. Be4 a5 22. Bxb7 axb4 23. Bxa8 bxa3 24. Bc6 g5 25. Bxe8 1-0

[Event "Northern Alberta op"]
[Site "Edmonton CAN"]
[Date "1999.02.21"]
[Round "4"]
[White "Bentley, Bill"]
[Black "Ottosen, David"]
[Result "0-1"]
[WhiteElo "1915"]
[BlackElo "2035"]
[PlyCount "56"]
[GameId "2160767911741974"]
[EventDate "1999.10.20"]
[EventType "swiss"]
[EventRounds "5"]
[EventCountry "CAN"]

1. d4 d5 2. Nf3 Nc6 3. g3 Bg4 4. Bg2 Qd7 5. O-O f6 6. Re1 O-O-O 7. b3 h5 8. Bb2 Bh3 9. c4 Bxg2 10. Kxg2 dxc4 11. bxc4 h4 12. d5 hxg3 13. fxg3 Qh3+ 14. Kg1 e6 15. e4 Bc5+ 16. Kh1 Qxg3 17. Qe2 Nb4 18. Na3 Nd3 19. Rf1 Nf2+ 20. Rxf2 Qxf2 21. Qxf2 Bxf2 22. Nb5 e5 23. a4 Ne7 24. a5 a6 25. Nc3 Ng6 26. Na4 Nf4 27. c5 Rh3 28. Ng1 Rxh2+ 0-1

[Event "Northern Alberta op"]
[Site "Edmonton CAN"]
[Date "1999.02.21"]
[Round "5"]
[White "Haynes, Nicolas"]
[Black "Kazakevich, Anastasia"]
[Result "0-1"]
[WhiteElo "1721"]
[BlackElo "1526"]
[PlyCount "116"]
[GameId "2160767911741975"]
[EventDate "1999.10.20"]
[EventType "swiss"]
[EventRounds "5"]
[EventCountry "CAN"]
[SourceTitle "Albertabase"]
[SourceDate "2003.08.17"]
[SourceVersion "1"]
[SourceVersionDate "2003.08.17"]
[SourceQuality "1"]

1. e4 d5 2. exd5 Nf6 3. Nc3 Nxd5 4. Bc4 Nxc3 5. bxc3 e5 6. Nf3 Nc6 7. Bb5 Bg4 8. Qe2 Bd6 9. h3 Bh5 10. d3 Qe7 11. Bg5 f6 12. Bd2 O-O 13. O-O Kh8 14. g4 Bg6 15. Nh4 Bf7 16. Nf5 Qd8 17. Bxc6 bxc6 18. c4 Be6 19. Qe4 Qd7 20. Ng3 Rab8 21. Rab1 Rb6 22. Rb3 Bc5 23. Be3 Bxe3 24. fxe3 Rfb8 25. Rf2 Bf7 26. Qf3 Re8 27. Qe2 Bg6 28. Rf1 Qd6 29. e4 Qd4+ 30. Qf2 Qxf2+ 31. Kxf2 Kg8 32. Ke3 Rd8 33. Rfb1 Be8 34. c5 Rb5 35. R1b2 Rdb8 36. c4 Rxb3 37. Rxb3 Rxb3 38. axb3 Kf7 39. Kd2 Ke6 40. Kc3 Kd7 41. Kb4 Kc8 42. Ka5 Kb7 43. b4 a6 44. Nf5 g6 45. Ne7 Bd7 46. Ng8 f5 47. gxf5 gxf5 48. Nf6 f4 49. Nh5 f3 50. h4 f2 51. Ng3 Bh3 52. d4 exd4 53. Ka4 f1=Q 54. Nxf1 Bxf1 55. Kb3 d3 56. Kc3 Kc8 57. Kd2 Kd7 58. Ke1 Be2 0-1

[Event "Northern Alberta op"]
[Site "Edmonton CAN"]
[Date "1999.02.21"]
[Round "5"]
[White "Odachowski, Arthur"]
[Black "Fullbrook, Nigel"]
[Result "1-0"]
[WhiteElo "2235"]
[BlackElo "2335"]
[PlyCount "77"]
[GameId "2160767911741976"]
[EventDate "1999.10.20"]
[EventType "swiss"]
[EventRounds "5"]
[EventCountry "CAN"]
[SourceTitle "CFC 1999.12"]
[Source "CFC"]
[SourceDate "1999.12.??"]
[SourceVersionDate "1999.12.??"]
[SourceQuality "1"]

1. c4 Nf6 2. Nc3 e5 3. g3 Bb4 4. Bg2 O-O 5. e4 Bxc3 6. dxc3 d6 7. Ne2 b6 8. O-O Bb7 9. Qc2 Nbd7 10. f3 h6 11. Be3 a5 12. g4 Nh7 13. Ng3 Nc5 14. Nf5 Bc8 15. Rad1 a4 16. Kh1 Be6 17. Qe2 Ra5 18. Rg1 f6 19. h4 Kh8 20. Bf1 Rf7 21. Rd2 Qf8 22. Qd1 Nb7 23. Rh2 Bxf5 24. exf5 Nd8 25. Bd3 d5 26. cxd5 Rxd5 27. Qc2 Rfd7 28. Be4 R5d6 29. g5 fxg5 30. hxg5 a3 31. bxa3 hxg5 32. f6 g6 33. Bxg6 Qxf6 34. Be4 Ne6 35. Rh3 g4 36. Rxg4 Rd1+ 37. Kh2 Nf4 38. Bxh7 Nxh3 39. Rg8# 1-0

[Event "Northern Alberta op"]
[Site "Edmonton CAN"]
[Date "1999.02.21"]
[Round "5"]
[White "Ottosen, David"]
[Black "Grumic, Sasha"]
[Result "1/2-1/2"]
[WhiteElo "2035"]
[BlackElo "2215"]
[PlyCount "51"]
[GameId "2160767911741977"]
[EventDate "1999.10.20"]
[EventType "swiss"]
[EventRounds "5"]
[EventCountry "CAN"]

1. d4 Nf6 2. c4 e6 3. Nc3 Bb4 4. e3 b6 5. Bd3 Bb7 6. Nf3 O-O 7. O-O d5 8. a3 Bxc3 9. bxc3 Nbd7 10. cxd5 exd5 11. a4 Re8 12. a5 c5 13. axb6 axb6 14. Rxa8 Qxa8 15. Bb2 c4 16. Bc2 b5 17. Qa1 b4 18. cxb4 Ne4 19. Bxe4 dxe4 20. Nd2 Nb6 21. Qxa8 Rxa8 22. Ra1 Na4 23. Bc1 Bd5 24. Nb1 Kf8 25. Bd2 Ke7 26. Nc3 1/2-1/2

[Event "Northern op"]
[Site "Prince Albert CAN"]
[Date "1999.04.25"]
[Round "4"]
[White "Kowalczyk, Tony"]
[Black "Tootoosis, Harold"]
[Result "1-0"]
[WhiteElo "1933"]
[BlackElo "1801"]
[PlyCount "147"]
[GameId "2160767911805174"]
[EventDate "1999.04.24"]
[EventType "swiss"]
[EventRounds "5"]
[EventCountry "CAN"]
[SourceTitle "CFC 1999.08"]
[Source "CFC"]
[SourceDate "1999.08.??"]
[SourceVersionDate "1999.08.??"]
[SourceQuality "1"]

1. e4 c5 2. Nf3 d6 3. d4 cxd4 4. Nxd4 Nf6 5. Nc3 a6 6. Bg5 e6 7. Be2 Be7 8. f4 Qc7 9. Qd2 b5 10. Bxf6 Bxf6 11. Ndxb5 axb5 12. Nxb5 Qd7 13. Nxd6+ Kf8 14. e5 Be7 15. Bb5 Qc7 16. a4 g6 17. Ra3 Ba6 18. Rc3 Qb6 19. Bxa6 Nxa6 20. Rb3 Qc5 21. Rb5 Qc6 22. O-O Nc7 23. Rb7 Nd5 24. Rb3 Bxd6 25. exd6 Qxd6 26. Qd4 Ke7 27. Rb7+ Nc7 28. Qc3 Rac8 29. Kh1 Rhd8 30. a5 Qd4 31. Rxc7+ Rxc7 32. Qxc7+ Rd7 33. Qb8 Qc4 34. Rc1 Qxc2 35. Qb4+ Ke8 36. Qb8+ Ke7 37. Rg1 Qa4 38. Qe5 Rd5 39. Qc7+ Kf6 40. Qc3+ Ke7 41. b4 Rb5 42. Qc7+ Kf6 43. Qd8+ Kg7 44. Qd4+ e5 45. fxe5 Rxb4 46. Qa1 Qxa1 47. Rxa1 Rb7 48. a6 Ra7 49. Kg1 Kf8 50. Kf2 Ke7 51. Ke3 Kd7 52. Kf4 h6 53. Rd1+ Ke7 54. Rd6 Rc7 55. Ke4 Rc5 56. Rb6 Ra5 57. Rb7+ Ke6 58. a7 Ra4+ 59. Kd3 Kxe5 60. Rxf7 Ke6 61. Rg7 Kf6 62. Rb7 Ke6 63. Kc3 Ra3+ 64. Kb4 Ra1 65. Kb5 Kd5 66. Rd7+ Ke6 67. Rg7 Kf6 68. Rc7 Ke6 69. Kb6 Kd6 70. Rc6+ Kd7 71. Rxg6 Rb1+ 72. Ka6 Ra1+ 73. Kb7 Rb1+ 74. Rb6 1-0

[Event "Nova Scotia Closed"]
[Site "Halifax CAN"]
[Date "1999.04.30"]
[Round "1"]
[White "Charlton, Glenn"]
[Black "Lomond, Gerald"]
[Result "1/2-1/2"]
[WhiteElo "2197"]
[BlackElo "2130"]
[PlyCount "87"]
[GameId "2160767911805144"]
[EventDate "1999.04.30"]
[EventType "tourn"]
[EventRounds "5"]
[EventCountry "CAN"]

1. e4 c5 2. Nc3 Nc6 3. f4 e6 4. Nf3 a6 5. g3 b5 6. Bg2 Qb6 7. O-O Bb7 8. Kh1 g6 9. e5 d5 10. exd6 Bxd6 11. Ne4 Be7 12. d3 Nf6 13. Ne5 Nxe4 14. dxe4 Rd8 15. Qe2 O-O 16. Nxc6 Bxc6 17. Be3 Qb7 18. e5 Rd7 19. Rad1 Rfd8 20. Rxd7 Bxg2+ 21. Qxg2 Qxg2+ 22. Kxg2 Rxd7 23. Kf3 c4 24. Ke2 Kf8 25. Rd1 Rxd1 26. Kxd1 Ke8 27. Kd2 Kd7 28. Kc3 Kc6 29. b3 Kd5 30. bxc4+ bxc4 31. Bf2 Bc5 32. Be1 Ba3 33. Bf2 Bc5 34. Be1 a5 35. Kd2 Bb4+ 36. c3 Bc5 37. Ke2 Ke4 38. Bd2 Bg1 39. h4 h5 40. a4 Bc5 41. Bc1 Bb6 42. Bd2 Bc5 43. Bc1 Bb6 44. Bd2 1/2-1/2

[Event "Nova Scotia Closed"]
[Site "Halifax CAN"]
[Date "1999.04.30"]
[Round "1"]
[White "Mathers, Jim"]
[Black "Mayo, Alvah"]
[Result "0-1"]
[WhiteElo "2110"]
[BlackElo "2066"]
[PlyCount "76"]
[GameId "2160767911805145"]
[EventDate "1999.04.30"]
[EventType "tourn"]
[EventRounds "5"]
[EventCountry "CAN"]

1. e4 g6 2. d4 Bg7 3. g3 d6 4. Nc3 Nf6 5. Bg2 O-O 6. Nge2 c6 7. O-O Nbd7 8. h3 e5 9. Be3 Qc7 10. Qd2 Re8 11. f4 b5 12. dxe5 dxe5 13. f5 Bb7 14. g4 b4 15. Na4 c5 16. Ng3 Red8 17. Qf2 Rac8 18. Rad1 Ba6 19. fxg6 fxg6 20. g5 Bxf1 21. gxf6 Bxg2 22. fxg7 Bxh3 23. Bg5 Kxg7 24. Bxd8 Rxd8 25. Nxc5 Nxc5 26. Rxd8 Qxd8 27. Qxc5 Qb6 28. Qxb6 axb6 29. Ne2 Bg4 30. Nc1 h5 31. Kh2 g5 32. Kg3 h4+ 33. Kf2 Kh6 34. Nd3 b3 35. Nc5 Bd1 36. Kg2 g4 37. Kh2 g3+ 38. Kg1 Bf3 0-1

[Event "Nova Scotia Closed"]
[Site "Halifax CAN"]
[Date "1999.04.30"]
[Round "1"]
[White "Urquhart, Eddie"]
[Black "Reddy, Tyler"]
[Result "0-1"]
[WhiteElo "2230"]
[BlackElo "2141"]
[PlyCount "84"]
[GameId "2160767911805146"]
[EventDate "1999.04.30"]
[EventType "tourn"]
[EventRounds "5"]
[EventCountry "CAN"]

1. d4 d5 2. Bf4 Nf6 3. e3 g6 4. Bd3 Bg7 5. Nf3 O-O 6. h3 b6 7. O-O c5 8. c3 Nbd7 9. Nbd2 Re8 10. Bh2 Bb7 11. b4 Ne4 12. bxc5 bxc5 13. Qc2 Nxd2 14. Qxd2 e5 15. Bb5 e4 16. Ne5 Bxe5 17. dxe5 Re6 18. Bxd7 Qxd7 19. Rfd1 Rd8 20. c4 d4 21. Qa5 Rc6 22. Rab1 Ba6 23. e6 fxe6 24. Be5 d3 25. Bb2 Re8 26. Qc3 e5 27. f4 exf3 28. Rxd3 Rd6 29. Rxd6 Qxd6 30. gxf3 Qe6 31. Kg2 Qf5 32. e4 Qg5+ 33. Kf2 Rd8 34. Bc1 Qh4+ 35. Kg2 Bc8 36. f4 exf4 37. Rb3 Rd1 38. Qe5 Rxc1 39. Qe8+ Kg7 40. Qe5+ Kh6 41. Rf3 Rc2+ 42. Kg1 Qe1+ 0-1